[Event "U14 Polish Youth Championship"]
[Site "chess24.com"]
[Date "2018.05.03"]
[Round "7"]
[White "Majewski, Krzysztof"]
[Black "Redzisz, Michal"]
[Result "0-1"]
[Board "7"]
[WhiteElo "1555"]
[WhiteCountry "POL"]
[WhiteFideId "21800456"]
[WhiteEloChange "-2"]
[BlackElo "1950"]
[BlackCountry "POL"]
[BlackFideId "21816107"]
[BlackEloChange "2"]

1. e4 {[%clk 1:30:50]} d5 {[%clk 1:30:58]} 2. e5 {[%clk 1:30:37]} c5 {[%clk
1:27:32]} 3. f4 {[%clk 1:30:45]} Nc6 {[%clk 1:27:12]} 4. Nf3 {[%clk 1:31:10]} Bf5
{[%clk 1:23:15]} 5. Bb5 {[%clk 1:28:27]} Qc7 {[%clk 1:21:10]} 6. d4 {[%clk
1:26:05]} e6 {[%clk 1:17:55]} 7. c3 {[%clk 1:25:12]} a6 {[%clk 1:15:05]} 8. Bd3
{[%clk 1:23:30]} Bxd3 {[%clk 1:15:08]} 9. Qxd3 {[%clk 1:23:54]} cxd4 {[%clk
1:14:49]} 10. cxd4 {[%clk 1:24:01]} Nb4 {[%clk 1:14:27]} 11. Qc3 {[%clk 1:23:45]}
Qxc3+ {[%clk 1:13:48]} 12. bxc3 {[%clk 1:24:10]} Nc2+ {[%clk 1:14:17]} 13. Kd2
{[%clk 1:24:26]} Nxa1 {[%clk 1:14:37]} 14. Bb2 {[%clk 1:24:50]} Kd7 {[%clk
1:12:37]} 15. Bxa1 {[%clk 1:25:16]} f6 {[%clk 1:12:51]} 16. Kd3 {[%clk 1:25:33]}
Ne7 {[%clk 1:12:27]} 17. Nbd2 {[%clk 1:25:53]} b5 {[%clk 1:11:02]} 18. Bb2 {[%clk
1:25:37]} Nc6 {[%clk 1:08:59]} 19. Rf1 {[%clk 1:21:01]} Be7 {[%clk 1:08:10]} 20.
Nb3 {[%clk 1:18:27]} fxe5 {[%clk 1:07:42]} 21. Nxe5+ {[%clk 1:17:48]} Nxe5+
{[%clk 1:08:08]} 22. dxe5 {[%clk 1:18:09]} Rhf8 {[%clk 1:06:25]} 23. Bc1 {[%clk
1:17:29]} Rf7 {[%clk 1:01:46]} 24. g4 {[%clk 1:16:37]} g6 {[%clk 0:53:50]} 25.
Nd4 {[%clk 1:15:33]} Bc5 {[%clk 0:53:42]} 26. Nb3 {[%clk 1:14:03]} Bb6 {[%clk
0:53:12]} 27. Be3 {[%clk 1:08:46]} Bxe3 {[%clk 0:53:36]} 28. Kxe3 {[%clk
1:09:12]} Rc8 {[%clk 0:53:50]} 29. Kd3 {[%clk 1:08:39]} Rcf8 {[%clk 0:47:38]} 30.
Ke3 {[%clk 1:00:59]} g5 {[%clk 0:46:43]} 31. f5 {[%clk 0:56:47]} exf5 {[%clk
0:45:07]} 32. e6+ {[%clk 0:56:56]} Kxe6 {[%clk 0:45:25]} 33. Nd4+ {[%clk
0:57:25]} Ke5 {[%clk 0:43:48]} 34. gxf5 {[%clk 0:57:24]} Rxf5 {[%clk 0:40:39]}
35. Nxf5 {[%clk 0:57:23]} Rxf5 {[%clk 0:41:05]} 36. Rg1 {[%clk 0:57:16]} h6
{[%clk 0:40:43]} 37. h4 {[%clk 0:56:53]} gxh4 {[%clk 0:35:57]} 38. Rh1 {[%clk
0:57:17]} Rf4 {[%clk 0:34:48]} 39. Rh2 {[%clk 0:55:39]} Rc4 {[%clk 0:34:13]} 40.
Kd3 {[%clk 0:55:16]} Kf5 {[%clk 0:34:19]} 41. Rf2+ {[%clk 0:55:08]} Rf4 {[%clk
0:33:08]} 42. Rg2 {[%clk 0:55:23]} h3 {[%clk 0:33:31]} 43. Rg1 {[%clk 0:55:46]}
h2 {[%clk 0:33:43]} 44. Rh1 {[%clk 0:56:12]} Rh4 {[%clk 0:32:36]} 45. Ke2 {[%clk
0:56:36]} Kg4 {[%clk 0:31:20]} 46. Kf2 {[%clk 0:56:48]} Kh3 {[%clk 0:31:28]} 47.
a4 {[%clk 0:57:01]} Rxa4 {[%clk 0:31:26]} 48. Kf3 {[%clk 0:57:11]} Rc4 {[%clk
0:31:39]} 49. Ra1 {[%clk 0:57:23]} Rxc3+ {[%clk 0:32:02]} 50. Kf2 {[%clk
0:57:46]} h5 {[%clk 0:31:50]} 51. Rb1 {[%clk 0:57:57]} d4 {[%clk 0:31:38]} 52.
Rd1 {[%clk 0:58:15]} b4 {[%clk 0:32:00]} 53. Rb1 {[%clk 0:58:33]} a5 {[%clk
0:32:11]} 54. Rd1 {[%clk 0:58:54]} a4 {[%clk 0:32:36]} 55. Ra1 {[%clk 0:59:19]}
a3 {[%clk 0:33:04]} 56. Rb1 {[%clk 0:59:46]} a2 {[%clk 0:33:25]} 57. Rd1 {[%clk
1:00:02]} b3 {[%clk 0:33:42]} 58. Ra1 {[%clk 0:59:45]} b2 {[%clk 0:34:07]} 59.
Re1 {[%clk 1:00:13]} b1Q {[%clk 0:34:24]} 60. Re3+ {[%clk 1:00:38]} dxe3+ {[%clk
0:34:46]} 0-1

[Event "U14 Polish Youth Championship"]
[Site "chess24.com"]
[Date "2018.05.03"]
[Round "7"]
[White "Dzida, Kamil"]
[Black "Czechowski, Jakub"]
[Result "1/2-1/2"]
[Board "8"]
[WhiteElo "1938"]
[WhiteCountry "POL"]
[WhiteFideId "21828652"]
[WhiteEloChange "-4"]
[BlackElo "1770"]
[BlackCountry "POL"]
[BlackFideId "21820511"]
[BlackEloChange "4"]

1. e4 {[%clk 1:30:59]} e5 {[%clk 1:30:58]} 2. Nf3 {[%clk 1:31:24]} Nc6 {[%clk
1:31:24]} 3. Bb5 {[%clk 1:31:49]} a6 {[%clk 1:31:52]} 4. Ba4 {[%clk 1:32:13]} Nf6
{[%clk 1:32:19]} 5. O-O {[%clk 1:32:37]} Be7 {[%clk 1:32:48]} 6. Re1 {[%clk
1:32:58]} b5 {[%clk 1:33:14]} 7. Bb3 {[%clk 1:33:25]} O-O {[%clk 1:33:39]} 8. h3
{[%clk 1:33:46]} Bb7 {[%clk 1:34:05]} 9. c3 {[%clk 1:33:44]} d5 {[%clk 1:34:30]}
10. exd5 {[%clk 1:34:03]} Nxd5 {[%clk 1:34:56]} 11. Nxe5 {[%clk 1:34:05]} Nxe5
{[%clk 1:35:24]} 12. Rxe5 {[%clk 1:34:24]} Nf4 {[%clk 1:35:32]} 13. d4 {[%clk
1:28:06]} Nxg2 {[%clk 1:34:22]} 14. Bc2 {[%clk 1:21:52]} Bd6 {[%clk 1:27:03]} 15.
Be4 {[%clk 1:21:05]} Bxe5 {[%clk 1:23:24]} 16. Bxb7 {[%clk 1:21:26]} Nf4 {[%clk
1:23:48]} 17. Qf3 {[%clk 1:20:19]} Ra7 {[%clk 1:17:17]} 18. dxe5 {[%clk 1:18:52]}
Nxh3+ {[%clk 1:17:36]} 19. Qxh3 {[%clk 1:18:44]} Rxb7 {[%clk 1:17:48]} 20. Qf3
{[%clk 1:16:59]} Rb6 {[%clk 1:18:11]} 21. Be3 {[%clk 1:17:24]} Re6 {[%clk
1:18:13]} 22. Nd2 {[%clk 1:12:21]} Rxe5 {[%clk 1:17:29]} 23. Nf1 {[%clk 1:10:42]}
Qd5 {[%clk 1:16:47]} 24. Qxd5 {[%clk 1:08:01]} Rxd5 {[%clk 1:17:12]} 25. b4
{[%clk 1:08:22]} f5 {[%clk 1:16:28]} 26. Bd4 {[%clk 1:08:38]} f4 {[%clk 1:14:26]}
27. f3 {[%clk 1:08:08]} a5 {[%clk 1:12:24]} 28. a3 {[%clk 1:05:43]} a4 {[%clk
1:11:43]} 29. Re1 {[%clk 1:05:13]} Kf7 {[%clk 1:10:19]} 30. Nd2 {[%clk 1:04:13]}
Re8 {[%clk 1:07:36]} 31. Ne4 {[%clk 1:04:29]} g5 {[%clk 1:06:22]} 32. Kf2 {[%clk
1:04:16]} Kg6 {[%clk 1:06:26]} 33. Rg1 {[%clk 1:01:26]} h6 {[%clk 1:03:33]}
1/2-1/2

[Event "U14 Polish Youth Championship"]
[Site "chess24.com"]
[Date "2018.05.03"]
[Round "7"]
[White "Grzesik, Gracjan"]
[Black "Wolaniecki, Patryk"]
[Result "1-0"]
[Board "9"]
[WhiteElo "1884"]
[WhiteCountry "POL"]
[WhiteFideId "1194593"]
[WhiteEloChange "7"]
[BlackElo "1762"]
[BlackCountry "POL"]
[BlackFideId "1193783"]
[BlackEloChange "-7"]

1. c4 {[%clk 1:30:52]} Nf6 {[%clk 1:30:55]} 2. Nc3 {[%clk 1:31:16]} c5 {[%clk
1:31:17]} 3. Nf3 {[%clk 1:31:02]} Nc6 {[%clk 1:31:28]} 4. g3 {[%clk 1:30:11]} g6
{[%clk 1:31:32]} 5. Bg2 {[%clk 1:30:38]} Bg7 {[%clk 1:31:57]} 6. O-O {[%clk
1:31:03]} O-O {[%clk 1:32:24]} 7. d4 {[%clk 1:23:06]} cxd4 {[%clk 1:24:47]} 8.
Nxd4 {[%clk 1:23:23]} Nxd4 {[%clk 1:24:28]} 9. Qxd4 {[%clk 1:23:48]} d6 {[%clk
1:24:55]} 10. Qd2 {[%clk 1:14:41]} Qc7 {[%clk 1:22:26]} 11. b3 {[%clk 1:14:14]}
Bd7 {[%clk 1:12:50]} 12. Bb2 {[%clk 1:14:19]} Rac8 {[%clk 1:12:25]} 13. Rac1
{[%clk 1:11:18]} Qb6 {[%clk 1:09:17]} 14. e4 {[%clk 1:02:13]} Qa6 {[%clk
0:43:15]} 15. Qe2 {[%clk 0:51:28]} Rfe8 {[%clk 0:41:24]} 16. h3 {[%clk 0:51:00]}
Rc5 {[%clk 0:32:18]} 17. Kh2 {[%clk 0:49:29]} b5 {[%clk 0:26:39]} 18. cxb5 {[%clk
0:49:22]} Bxb5 {[%clk 0:27:05]} 19. Nxb5 {[%clk 0:49:46]} Qxb5 {[%clk 0:27:16]}
20. Qxb5 {[%clk 0:47:57]} Rxb5 {[%clk 0:27:40]} 21. e5 {[%clk 0:42:23]} Nd5
{[%clk 0:22:45]} 22. exd6 {[%clk 0:34:19]} Bxb2 {[%clk 0:19:00]} 23. d7 {[%clk
0:34:36]} Rd8 {[%clk 0:19:24]} 24. Rc8 {[%clk 0:35:00]} Rb8 {[%clk 0:19:49]} 25.
Rxb8 {[%clk 0:34:52]} Rxb8 {[%clk 0:20:12]} 26. Bxd5 {[%clk 0:35:20]} Ba3 {[%clk
0:19:55]} 27. Rd1 {[%clk 0:34:38]} Bd6 {[%clk 0:18:33]} 28. Rc1 {[%clk 0:34:28]}
Rd8 {[%clk 0:17:06]} 29. Rc8 {[%clk 0:34:40]} Bc7 {[%clk 0:17:32]} 30. Rxc7
{[%clk 0:35:02]} Kg7 {[%clk 0:18:00]} 31. Rxa7 {[%clk 0:35:25]} Kf6 {[%clk
0:18:18]} 32. Bc6 {[%clk 0:35:44]} e6 {[%clk 0:18:42]} 33. Ra8 {[%clk 0:36:06]}
Rxa8 {[%clk 0:19:05]} 34. Bxa8 {[%clk 0:36:30]} Ke7 {[%clk 0:19:31]} 35. Bc6
{[%clk 0:36:57]} 1-0

[Event "U14 Polish Youth Championship"]
[Site "chess24.com"]
[Date "2018.05.03"]
[Round "7"]
[White "Skurniak, Szymon"]
[Black "Szydlo, Michal"]
[Result "1-0"]
[Board "10"]
[WhiteElo "1821"]
[WhiteCountry "POL"]
[WhiteFideId "21805571"]
[WhiteEloChange "6"]
[BlackElo "1673"]
[BlackCountry "POL"]
[BlackFideId "21810540"]
[BlackEloChange "-6"]

1. e4 {[%clk 1:30:57]} c5 {[%clk 1:30:59]} 2. f4 {[%clk 1:31:21]} d5 {[%clk
1:31:24]} 3. exd5 {[%clk 1:31:45]} Nf6 {[%clk 1:31:49]} 4. Nf3 {[%clk 1:32:06]}
Nxd5 {[%clk 1:28:31]} 5. Nc3 {[%clk 1:32:25]} Nxc3 {[%clk 1:26:40]} 6. bxc3
{[%clk 1:32:40]} Qc7 {[%clk 1:23:53]} 7. d4 {[%clk 1:30:18]} e6 {[%clk 1:19:07]}
8. Bd3 {[%clk 1:19:04]} b6 {[%clk 1:12:54]} 9. O-O {[%clk 1:14:09]} Bb7 {[%clk
1:12:14]} 10. Qe2 {[%clk 1:08:26]} g6 {[%clk 1:05:12]} 11. f5 {[%clk 0:57:13]}
gxf5 {[%clk 0:59:40]} 12. Bxf5 {[%clk 0:56:07]} Be7 {[%clk 0:58:39]} 13. Bg5
{[%clk 0:45:55]} Bxf3 {[%clk 0:49:26]} 14. Qxf3 {[%clk 0:44:48]} Bxg5 {[%clk
0:49:30]} 15. Be4 {[%clk 0:41:46]} Qe7 {[%clk 0:45:28]} 16. Bxa8 {[%clk 0:40:00]}
O-O {[%clk 0:45:42]} 17. Be4 {[%clk 0:37:29]} f5 {[%clk 0:43:23]} 18. Qg3 {[%clk
0:31:48]} Kh8 {[%clk 0:42:32]} 19. Bd3 {[%clk 0:28:40]} Bf6 {[%clk 0:35:41]} 20.
Rae1 {[%clk 0:26:37]} Qd7 {[%clk 0:30:52]} 21. Bc4 {[%clk 0:21:54]} cxd4 {[%clk
0:30:28]} 22. Bxe6 {[%clk 0:20:36]} Qg7 {[%clk 0:28:07]} 23. Qd6 {[%clk 0:14:58]}
dxc3 {[%clk 0:27:16]} 24. Rxf5 {[%clk 0:13:48]} Qe7 {[%clk 0:17:39]} 25. Qd5
{[%clk 0:10:56]} Qc5+ {[%clk 0:17:43]} 26. Qxc5 {[%clk 0:10:52]} bxc5 {[%clk
0:18:09]} 27. Re4 {[%clk 0:09:32]} Nc6 {[%clk 0:16:43]} 28. Ref4 {[%clk 0:07:03]}
Bd4+ {[%clk 0:16:52]} 29. Rxd4 {[%clk 0:07:14]} Rxf5 {[%clk 0:17:07]} 30. Rd6
{[%clk 0:07:42]} Re5 {[%clk 0:16:22]} 31. Rxc6 {[%clk 0:08:06]} Re2 {[%clk
0:16:38]} 32. Bb3 {[%clk 0:08:21]} 1-0

[Event "U14 Polish Youth Championship"]
[Site "chess24.com"]
[Date "2018.05.03"]
[Round "7"]
[White "Iwaszkiewicz, Krzysztof"]
[Black "Oleksy, Krzysztof"]
[Result "0-1"]
[Board "11"]
[WhiteElo "1530"]
[WhiteCountry "POL"]
[WhiteFideId "21810222"]
[WhiteEloChange "-4"]
[BlackElo "1746"]
[BlackCountry "POL"]
[BlackFideId "1194879"]
[BlackEloChange "4"]

1. d4 {[%clk 1:30:59]} Nf6 {[%clk 1:30:55]} 2. c4 {[%clk 1:31:25]} e6 {[%clk
1:31:22]} 3. Nc3 {[%clk 1:31:51]} Bb4 {[%clk 1:31:48]} 4. Qc2 {[%clk 1:32:15]} d5
{[%clk 1:32:13]} 5. a3 {[%clk 1:32:21]} Bxc3+ {[%clk 1:32:37]} 6. Qxc3 {[%clk
1:32:46]} Ne4 {[%clk 1:33:03]} 7. Qc2 {[%clk 1:32:52]} c5 {[%clk 1:33:28]} 8. Nf3
{[%clk 1:29:32]} Nc6 {[%clk 1:32:56]} 9. dxc5 {[%clk 1:27:57]} Qa5+ {[%clk
1:27:40]} 10. Nd2 {[%clk 1:23:36]} O-O {[%clk 1:20:29]} 11. e3 {[%clk 1:21:56]}
f5 {[%clk 1:16:10]} 12. Rb1 {[%clk 1:18:08]} Qxc5 {[%clk 1:13:37]} 13. b4 {[%clk
1:17:01]} Qd6 {[%clk 1:11:25]} 14. Bb2 {[%clk 1:10:49]} Bd7 {[%clk 1:04:15]} 15.
c5 {[%clk 1:01:52]} Qc7 {[%clk 1:02:53]} 16. Bd3 {[%clk 1:01:28]} Ne5 {[%clk
0:55:38]} 17. Bxe4 {[%clk 1:00:00]} fxe4 {[%clk 0:54:41]} 18. Bxe5 {[%clk
0:56:49]} Qxe5 {[%clk 0:53:15]} 19. O-O {[%clk 0:56:31]} Bb5 {[%clk 0:51:50]} 20.
Rfe1 {[%clk 0:54:34]} Bd3 {[%clk 0:51:51]} 21. Qb2 {[%clk 0:54:50]} Qf5 {[%clk
0:51:00]} 22. Nb3 {[%clk 0:54:51]} Bxb1 {[%clk 0:50:12]} 23. Rxb1 {[%clk
0:55:15]} e5 {[%clk 0:47:12]} 24. Rd1 {[%clk 0:55:23]} Qe6 {[%clk 0:45:07]} 25.
Nd2 {[%clk 0:53:22]} Rac8 {[%clk 0:43:00]} 26. Nf1 {[%clk 0:52:22]} b6 {[%clk
0:38:06]} 27. cxb6 {[%clk 0:52:41]} axb6 {[%clk 0:38:31]} 28. Ng3 {[%clk
0:53:05]} Rc4 {[%clk 0:34:34]} 29. Qd2 {[%clk 0:52:30]} Rd8 {[%clk 0:34:43]} 30.
Qe2 {[%clk 0:52:51]} Ra8 {[%clk 0:31:28]} 31. Qb2 {[%clk 0:52:54]} b5 {[%clk
0:30:32]} 32. Ne2 {[%clk 0:52:35]} Rac8 {[%clk 0:30:17]} 33. Rd2 {[%clk 0:52:33]}
Kh8 {[%clk 0:27:32]} 34. h3 {[%clk 0:52:31]} Kg8 {[%clk 0:26:23]} 35. Kh1 {[%clk
0:50:31]} h5 {[%clk 0:25:46]} 36. Kg1 {[%clk 0:50:26]} h4 {[%clk 0:24:14]} 37.
Kh1 {[%clk 0:48:57]} Kf7 {[%clk 0:24:11]} 38. Kh2 {[%clk 0:48:20]} g5 {[%clk
0:19:10]} 39. a4 {[%clk 0:46:45]} bxa4 {[%clk 0:19:21]} 40. b5 {[%clk 0:47:02]}
Qd6 {[%clk 0:16:47]} 41. b6 {[%clk 0:44:45]} Rb8 {[%clk 0:13:42]} 42. b7 {[%clk
0:43:39]} a3 {[%clk 0:09:28]} 43. Qb5 {[%clk 0:43:16]} Qc6 {[%clk 0:09:04]} 44.
Qb3 {[%clk 0:42:15]} Rxb7 {[%clk 0:08:51]} 45. Qxa3 {[%clk 0:41:24]} Ra4 {[%clk
0:08:12]} 46. Qc3 {[%clk 0:41:06]} Qxc3 {[%clk 0:07:52]} 47. Nxc3 {[%clk
0:41:30]} Ra3 {[%clk 0:07:20]} 48. Ne2 {[%clk 0:41:40]} Ke6 {[%clk 0:07:38]} 49.
Rc2 {[%clk 0:42:02]} Ra6 {[%clk 0:04:21]} 50. Rc8 {[%clk 0:42:28]} Ra2 {[%clk
0:04:10]} 51. Nc3 {[%clk 0:42:48]} Rc2 {[%clk 0:03:10]} 52. Rc5 {[%clk 0:42:51]}
Rbb2 {[%clk 0:02:10]} 53. Rc6+ {[%clk 0:42:30]} Kd7 {[%clk 0:02:15]} 54. Rc5
{[%clk 0:42:49]} Rxf2 {[%clk 0:01:25]} 55. Rxd5+ {[%clk 0:43:00]} Ke6 {[%clk
0:01:42]} 56. Rd8 {[%clk 0:43:05]} Rxg2+ {[%clk 0:01:48]} 57. Kh1 {[%clk
0:43:22]} Rgc2 {[%clk 0:01:53]} 0-1

[Event "U14 Polish Youth Championship"]
[Site "chess24.com"]
[Date "2018.05.03"]
[Round "7"]
[White "Ochedzan, Tymon"]
[Black "Kacprzak, Kacper"]
[Result "0-1"]
[Board "12"]
[WhiteElo "2047"]
[WhiteTitle "CM"]
[WhiteCountry "POL"]
[WhiteFideId "21810389"]
[WhiteEloChange "-18"]
[BlackElo "1668"]
[BlackCountry "POL"]
[BlackFideId "21819319"]
[BlackEloChange "18"]

1. e4 {[%clk 1:30:58]} e6 {[%clk 1:30:46]} 2. d4 {[%clk 1:31:24]} d5 {[%clk
1:31:12]} 3. Nc3 {[%clk 1:31:50]} Bb4 {[%clk 1:31:36]} 4. e5 {[%clk 1:32:12]} c5
{[%clk 1:32:00]} 5. a3 {[%clk 1:32:36]} Bxc3+ {[%clk 1:30:23]} 6. bxc3 {[%clk
1:33:01]} Ne7 {[%clk 1:30:47]} 7. Qg4 {[%clk 1:33:13]} Kf8 {[%clk 1:30:59]} 8.
Bd3 {[%clk 1:26:30]} Nbc6 {[%clk 1:28:31]} 9. Nf3 {[%clk 1:24:44]} Qa5 {[%clk
1:27:50]} 10. Bd2 {[%clk 1:23:09]} Qa4 {[%clk 1:27:37]} 11. Ra2 {[%clk 1:17:55]}
b6 {[%clk 1:24:39]} 12. O-O {[%clk 1:10:12]} Ba6 {[%clk 1:24:10]} 13. Rb1 {[%clk
0:59:30]} Rc8 {[%clk 1:15:38]} 14. Qf4 {[%clk 0:56:29]} h6 {[%clk 1:14:55]} 15.
h4 {[%clk 0:55:11]} Bxd3 {[%clk 1:12:56]} 16. cxd3 {[%clk 0:55:34]} cxd4 {[%clk
1:13:07]} 17. cxd4 {[%clk 0:50:05]} Kg8 {[%clk 1:06:49]} 18. h5 {[%clk 0:45:26]}
Nf5 {[%clk 1:02:02]} 19. Rc1 {[%clk 0:43:33]} Kh7 {[%clk 0:59:50]} 20. Bc3 {[%clk
0:22:14]} Ncxd4 {[%clk 0:44:05]} 21. Nxd4 {[%clk 0:21:51]} Nxd4 {[%clk 0:44:00]}
22. Qxf7 {[%clk 0:19:23]} Rhf8 {[%clk 0:42:39]} 23. Qg6+ {[%clk 0:19:11]} Kh8
{[%clk 0:42:43]} 24. Qg4 {[%clk 0:15:44]} Rf4 {[%clk 0:41:08]} 25. Qg3 {[%clk
0:14:02]} Nb5 {[%clk 0:30:57]} 26. Rac2 {[%clk 0:07:07]} Nxc3 {[%clk 0:27:46]}
27. Rxc3 {[%clk 0:07:23]} Rxc3 {[%clk 0:28:11]} 28. Rxc3 {[%clk 0:07:51]} Qd1+
{[%clk 0:28:33]} 29. Kh2 {[%clk 0:08:16]} Qxh5+ {[%clk 0:28:58]} 30. Kg1 {[%clk
0:08:22]} Qd1+ {[%clk 0:29:19]} 31. Kh2 {[%clk 0:08:48]} g5 {[%clk 0:27:16]} 32.
Rc8+ {[%clk 0:05:37]} Kg7 {[%clk 0:27:39]} 33. Rc7+ {[%clk 0:05:58]} Kg6 {[%clk
0:27:53]} 34. Re7 {[%clk 0:04:17]} Rh4+ {[%clk 0:28:13]} 35. Qxh4 {[%clk
0:04:42]} gxh4 {[%clk 0:28:39]} 36. Rxe6+ {[%clk 0:05:03]} Kf5 {[%clk 0:28:45]}
37. Rxh6 {[%clk 0:04:54]} Kxe5 {[%clk 0:29:08]} 38. Rxh4 {[%clk 0:05:10]} Qxd3
{[%clk 0:29:32]} 39. Rh3 {[%clk 0:05:27]} Qd2 {[%clk 0:29:00]} 40. Rf3 {[%clk
0:05:25]} d4 {[%clk 0:29:19]} 41. g4 {[%clk 0:05:42]} d3 {[%clk 0:29:29]} 42.
Rf5+ {[%clk 0:06:00]} Ke6 {[%clk 0:29:50]} 43. Kg3 {[%clk 0:06:24]} Qe2 {[%clk
0:29:55]} 44. Rf3 {[%clk 0:06:05]} d2 {[%clk 0:30:08]} 45. Re3+ {[%clk 0:06:30]}
Qxe3+ {[%clk 0:30:33]} 46. fxe3 {[%clk 0:06:48]} d1Q {[%clk 0:30:55]} 47. a4
{[%clk 0:07:13]} Qf1 {[%clk 0:31:16]} 48. a5 {[%clk 0:07:39]} Ke5 {[%clk
0:31:28]} 49. axb6 {[%clk 0:08:05]} axb6 {[%clk 0:31:53]} 50. g5 {[%clk 0:08:30]}
Ke4 {[%clk 0:32:03]} 51. g6 {[%clk 0:08:57]} Qg1+ {[%clk 0:32:26]} 52. Kh4 {[%clk
0:09:20]} Qxg6 {[%clk 0:32:46]} 53. Kh3 {[%clk 0:09:46]} Kf3 {[%clk 0:33:10]} 54.
Kh4 {[%clk 0:10:04]} Qh6# {[%clk 0:33:35]} 0-1

[Event "U14 Polish Youth Championship"]
[Site "chess24.com"]
[Date "2018.05.03"]
[Round "7"]
[White "Kania, Dominik"]
[Black "Bachor, Tomasz"]
[Result "1/2-1/2"]
[Board "13"]
[WhiteElo "1758"]
[WhiteCountry "POL"]
[WhiteFideId "21845204"]
[WhiteEloChange "5"]
[BlackElo "1953"]
[BlackCountry "POL"]
[BlackFideId "21814694"]
[BlackEloChange "-5"]

1. d4 {[%clk 1:30:54]} Nf6 {[%clk 1:30:50]} 2. Bf4 {[%clk 1:31:15]} Nh5 {[%clk
1:31:01]} 3. Bg5 {[%clk 1:30:34]} h6 {[%clk 1:31:05]} 4. Bh4 {[%clk 1:30:54]} g5
{[%clk 1:31:13]} 5. e3 {[%clk 1:30:53]} Nf6 {[%clk 1:31:04]} 6. Bg3 {[%clk
1:31:15]} Bg7 {[%clk 1:30:36]} 7. h3 {[%clk 1:29:28]} d6 {[%clk 1:29:35]} 8. Nf3
{[%clk 1:25:53]} Nc6 {[%clk 1:22:45]} 9. c4 {[%clk 1:18:02]} e5 {[%clk 1:15:39]}
10. dxe5 {[%clk 1:06:17]} Ne4 {[%clk 1:13:47]} 11. Bh2 {[%clk 1:03:44]} Bf5
{[%clk 1:02:08]} 12. Nbd2 {[%clk 1:02:41]} Nxd2 {[%clk 0:56:11]} 13. Qxd2 {[%clk
1:03:00]} Nxe5 {[%clk 0:56:25]} 14. Be2 {[%clk 1:01:46]} O-O {[%clk 0:51:14]} 15.
O-O {[%clk 0:58:48]} Be4 {[%clk 0:49:00]} 16. Nxe5 {[%clk 0:56:14]} dxe5 {[%clk
0:49:11]} 17. Rfd1 {[%clk 0:54:42]} Qf6 {[%clk 0:47:02]} 18. Qc3 {[%clk 0:48:20]}
Rad8 {[%clk 0:41:15]} 19. b4 {[%clk 0:44:39]} Qe7 {[%clk 0:35:57]} 20. Rac1
{[%clk 0:41:32]} c5 {[%clk 0:34:43]} 21. a3 {[%clk 0:40:05]} b6 {[%clk 0:34:07]}
22. Qb3 {[%clk 0:33:07]} f5 {[%clk 0:32:39]} 23. b5 {[%clk 0:31:49]} Ba8 {[%clk
0:29:07]} 24. Rxd8 {[%clk 0:31:18]} Rxd8 {[%clk 0:28:20]} 25. Rd1 {[%clk
0:31:30]} f4 {[%clk 0:24:47]} 26. Bg4 {[%clk 0:30:18]} Rd6 {[%clk 0:23:40]} 27.
Qa4 {[%clk 0:28:39]} Rxd1+ {[%clk 0:21:09]} 28. Qxd1 {[%clk 0:28:54]} Be4 {[%clk
0:20:11]} 29. f3 {[%clk 0:27:42]} Bg6 {[%clk 0:19:28]} 30. e4 {[%clk 0:21:10]} h5
{[%clk 0:19:03]} 31. Bd7 {[%clk 0:20:11]} Bf7 {[%clk 0:18:30]} 32. Qd3 {[%clk
0:20:25]} Qd8 {[%clk 0:17:30]} 33. Kf2 {[%clk 0:15:11]} Kh8 {[%clk 0:17:14]} 34.
Ke2 {[%clk 0:14:28]} Bxc4 {[%clk 0:17:09]} 35. Qxc4 {[%clk 0:14:33]} Qxd7 {[%clk
0:17:38]} 36. Qd3 {[%clk 0:14:22]} Qd4 {[%clk 0:15:20]} 37. Qxd4 {[%clk 0:12:54]}
exd4 {[%clk 0:13:25]} 38. Kd3 {[%clk 0:13:14]} Bh6 {[%clk 0:12:48]} 39. Bg1
{[%clk 0:13:11]} Kg7 {[%clk 0:12:42]} 40. Bf2 {[%clk 0:13:16]} Kf6 {[%clk
0:13:06]} 41. Kc4 {[%clk 0:12:50]} Ke5 {[%clk 0:13:16]} 42. Be1 {[%clk 0:12:52]}
Bf8 {[%clk 0:13:03]} 43. a4 {[%clk 0:12:40]} Be7 {[%clk 0:13:25]} 44. Bd2 {[%clk
0:12:56]} Bd8 {[%clk 0:13:17]} 45. Be1 {[%clk 0:13:12]} g4 {[%clk 0:12:14]} 46.
Bf2 {[%clk 0:13:14]} Be7 {[%clk 0:11:22]} 1/2-1/2

[Event "U14 Polish Youth Championship"]
[Site "chess24.com"]
[Date "2018.05.03"]
[Round "7"]
[White "Kietrys, Maciej"]
[Black "Oborski, Artur"]
[Result "1/2-1/2"]
[Board "14"]
[WhiteElo "1699"]
[WhiteCountry "POL"]
[WhiteFideId "21820732"]
[WhiteEloChange "6"]
[BlackElo "1921"]
[BlackCountry "POL"]
[BlackFideId "21844810"]
[BlackEloChange "-6"]

1. e4 {[%clk 1:30:57]} e6 {[%clk 1:30:52]} 2. d4 {[%clk 1:31:17]} d5 {[%clk
1:31:16]} 3. Nd2 {[%clk 1:30:38]} Be7 {[%clk 1:31:37]} 4. c3 {[%clk 1:26:27]} c5
{[%clk 1:31:29]} 5. exd5 {[%clk 1:25:27]} Qxd5 {[%clk 1:30:04]} 6. Ngf3 {[%clk
1:24:37]} Nf6 {[%clk 1:30:20]} 7. Bc4 {[%clk 1:24:13]} Qd6 {[%clk 1:30:33]} 8.
Nb3 {[%clk 1:20:20]} cxd4 {[%clk 1:30:47]} 9. Qxd4 {[%clk 1:19:54]} Nc6 {[%clk
1:30:09]} 10. Qxd6 {[%clk 1:18:23]} Bxd6 {[%clk 1:30:28]} 11. O-O {[%clk
1:17:24]} Ke7 {[%clk 1:26:04]} 12. Re1 {[%clk 1:15:30]} Rd8 {[%clk 1:24:07]} 13.
Nbd4 {[%clk 1:14:04]} Nxd4 {[%clk 1:23:34]} 14. Nxd4 {[%clk 1:14:20]} Kf8 {[%clk
1:23:43]} 15. h3 {[%clk 1:12:33]} a6 {[%clk 1:18:04]} 16. a4 {[%clk 1:05:51]} e5
{[%clk 1:10:55]} 17. Nf3 {[%clk 1:05:20]} Re8 {[%clk 1:10:54]} 18. Be3 {[%clk
1:04:25]} h6 {[%clk 0:59:46]} 19. Rad1 {[%clk 1:04:15]} Bc7 {[%clk 0:58:29]} 20.
Bc5+ {[%clk 1:04:05]} Kg8 {[%clk 0:58:40]} 21. Bd6 {[%clk 1:02:55]} Bxd6 {[%clk
0:58:42]} 22. Rxd6 {[%clk 1:03:15]} e4 {[%clk 0:58:49]} 23. Nd4 {[%clk 1:01:42]}
Bd7 {[%clk 0:55:12]} 24. Bb3 {[%clk 0:59:07]} Rad8 {[%clk 0:47:35]} 25. Nc2
{[%clk 0:57:01]} Bc6 {[%clk 0:43:14]} 26. Red1 {[%clk 0:56:21]} Rxd6 {[%clk
0:38:00]} 27. Rxd6 {[%clk 0:56:44]} Nd7 {[%clk 0:36:02]} 28. Nd4 {[%clk 0:54:20]}
Nc5 {[%clk 0:34:17]} 29. Nxc6 {[%clk 0:53:14]} Nxb3 {[%clk 0:34:28]} 30. Nd4
{[%clk 0:52:59]} Nc5 {[%clk 0:32:59]} 31. Rb6 {[%clk 0:52:26]} Re7 {[%clk
0:31:29]} 32. a5 {[%clk 0:51:39]} Kf8 {[%clk 0:29:41]} 33. Kf1 {[%clk 0:47:49]}
g6 {[%clk 0:29:19]} 34. Ke2 {[%clk 0:46:53]} Ke8 {[%clk 0:29:24]} 35. g3 {[%clk
0:46:22]} Kd8 {[%clk 0:28:26]} 36. Ke3 {[%clk 0:42:19]} Kc7 {[%clk 0:27:22]} 37.
Rb4 {[%clk 0:35:18]} Re5 {[%clk 0:22:51]} 38. Rc4 {[%clk 0:34:51]} Kb8 {[%clk
0:21:23]} 39. b4 {[%clk 0:29:59]} Nd3 {[%clk 0:15:00]} 40. Ne2 {[%clk 0:28:51]}
f5 {[%clk 0:15:08]} 41. Rd4 {[%clk 0:28:21]} Kc7 {[%clk 0:14:31]} 42. Rc4+ {[%clk
0:28:20]} Kd7 {[%clk 0:13:15]} 43. Rd4+ {[%clk 0:28:19]} Kc7 {[%clk 0:11:11]} 44.
Rc4+ {[%clk 0:28:44]} Kd7 {[%clk 0:10:08]} 45. Rd4+ {[%clk 0:28:54]} Kc7 {[%clk
0:10:31]} 46. Rc4+ {[%clk 0:29:19]} 1/2-1/2